Biggest towns of Renfrewshire - Statistics

General Stats
  • This quiz has been taken 66 times
    53 since last reset
  • The average score is 6 of 10
Answer Stats
Population Town % Correct
76,990 Paisley
93%
24,290 Renfrew
90%
15,910 Johnstone
69%
14,880 Erskine
62%
8,360 Linwood
62%
9,000 Bishopton
55%
5,090 Bridge of Weir
48%
6,310 Houston
45%
5,550 Elderslie
28%
3,280 Kilbarchan
21%
No matching quizzes found
Score Distribution
Percent of People with Each Score
Percentile by Number Answered
Your Score History
You have not taken this quiz since the last reset